| 000 | 00000nam 2200000zi 4500 |
| 001 | 9.935832 |
| 003 | CaOODSP |
| 005 | 20250129150022 |
| 006 | m o d f |
| 007 | cr |n||||||||| |
| 008 | 240322e198206##oncd ob f|0| 0 eng d |
| 040 | |aCaOODSP|beng|erda|cCaOODSP |
| 041 | |aeng|beng|bfre |
| 043 | |an-cn--- |
| 086 | 1 |aEn14-549/1982E-PDF |
| 100 | 1 |aFogarty, J. P., |eauthor. |
| 245 | 10|aEconomics of Canadian waterfowl = |bLa valeur économique des oiseaux aquatiques au Canada / |cJ.P. Fogarty, J.E. Marshall, A.J. Jacquemot. |
| 246 | 11|aValeur économique des oiseaux aquatiques au Canada |
| 264 | 1|a[Ottawa] : |bEnvironment Canada, Environmental Conservation Service, Policy and Program Development Directorate, Policy and Economics Branch, |cJune 1982. |
| 300 | |a1 online resource (xxiv, 61 pages) : |bcharts |
| 336 | |atext|btxt|2rdacontent |
| 337 | |acomputer|bc|2rdamedia |
| 338 | |aonline resource|bcr|2rdacarrier |
| 500 | |aDigitized edition from print [produced by Environment and Climate Change Canada]. |
| 504 | |aIncludes bibliographical references. |
| 520 | |a"This study attempts to examine and determine the economic value of waterfowl to Canadians for food, recreation and other quantifiable benefits. Against this value, the study weights the waterfowl resource related costs in order to provide a rudimentary benefit/cost picture"--Introduction, page v. |
| 546 | |aIncludes executive summary and table of contents in French. |
| 650 | 0|aWaterfowl|xEconomic aspects|zCanada. |
| 650 | 0|aWaterfowl management|xEconomic aspects|zCanada. |
| 650 | 6|aGibier d'eau|xAspect économique|zCanada. |
| 650 | 6|aGibier d'eau|xAménagement|xAspect économique|zCanada. |
| 710 | 1 |aCanada. |bEnvironment Canada, |eissuing body. |
| 856 | 40|qPDF|s2.00 MB|uhttps://publications.gc.ca/collections/collection_2025/eccc/En14-549-1982-eng.pdf |